ბათუმის შოთა რუსთაველის სახელმწიფო უნივერსიტეტის ბიბლიოთეკა

Справочник по сварочно-монтажным работам строительстве трубопроводов. (ბიბ.ჩანაწერი № 38196)

000 -LEADER
fixed length control field 00681nam a2200193Ia 4500
001 - CONTROL NUMBER
control field 4186
003 - CONTROL NUMBER IDENTIFIER
control field GE_BSU
008 - FIXED-LENGTH DATA ELEMENTS--GENERAL INFORMATION
fixed length control field 181216s||||||||xx |||||||||||||| ||und||
040 ## - CATALOGING SOURCE
Transcribing agency GE_BSU
080 ## - UNIVERSAL DECIMAL CLASSIFICATION NUMBER
Universal Decimal Classification number 621.721.(035.3)
100 ## - MAIN ENTRY--PERSONAL NAME
Personal name Зайцев, К.И. Шмелева, И.А.
245 ## - TITLE STATEMENT
Title Справочник по сварочно-монтажным работам строительстве трубопроводов.
260 ## - PUBLICATION, DISTRIBUTION, ETC.
Place of publication, distribution, etc. М.
260 ## - PUBLICATION, DISTRIBUTION, ETC.
Name of publisher, distributor, etc. Недра.
260 ## - PUBLICATION, DISTRIBUTION, ETC.
Date of publication, distribution, etc. 1982.
300 ## - PHYSICAL DESCRIPTION
Extent 223 стр. 21 см.
653 ## - INDEX TERM--UNCONTROLLED
Uncontrolled term Справочник по сварочно-монтажным работам строительстве трубопроводов.
942 ## - ADDED ENTRY ELEMENTS (KOHA)
Koha item type წიგნი
ეგზემპლარები
Withdrawn status Lost status Damaged status Not for loan Date acquired Barcode Date last seen Price effective from Koha item type Public note
        2018-12-17 9349 2018-12-17 2018-12-17 წიგნი საცავი